[Event "Guernsey International Holiday 2016"]
[Site "Guernsey, GCI"]
[Date "2016.10.17"]
[Round "2"]
[White "Nalichowski, Bogdan"]
[Black "Sandercock, E Barry"]
[Result "1-0"]
[WhiteElo "1380"]
[BlackElo "1701"]
[PlyCount "179"]
[EventDate "2016.10.16"]
[EventType "swiss"]
[EventRounds "6"]

1. e4 d5 2. exd5 Nf6 3. c4 c6 4. Nc3 cxd5 5. cxd5 Nxd5 6. Bb5+ Nc6 7. Qa4 Nxc3
8. Bxc6+ bxc6 9. Qxc6+ Bd7 10. Qxc3 Rc8 11. Qe3 Bc6 12. Nf3 Qc7 13. O-O e6 14.
g3 Be7 15. Nd4 Bd7 16. b3 O-O 17. Bb2 Bc5 18. Qg5 f6 19. Qh5 e5 20. Nf5 g6 21.
Nh6+ Kg7 22. Qh4 Be7 23. Ng4 Bxg4 24. Qxg4 f5 25. Qa4 Bf6 26. Rad1 Rf7 27. Bc3
Qc6 28. Qa5 Qb6 29. Qa4 h6 30. Rc1 Qc6 31. Qa3 Qb7 32. Rfe1 Rfc7 33. Bxe5 Rxc1
34. Bxf6+ Kxf6 35. Rxc1 Rxc1+ 36. Qxc1 g5 37. Qc3+ Kg6 38. d4 Qe4 39. a4 a5 40.
Qe3 Qb1+ 41. Kg2 g4 42. h4 gxh3+ 43. Kh2 Qf1 44. Qf3 h5 45. d5 Kf6 46. d6 Ke6
47. d7 Kxd7 48. Qxf5+ Kc6 49. Qe4+ Kd7 50. Qd5+ Kc7 51. Qxa5+ Kd6 52. Qb6+ Ke7
53. Qc7+ Kf8 54. Qc8+ Kg7 55. Qb7+ Kg6 56. Qc6+ Kg7 57. Qc7+ Kf8 58. Qf4+ Ke7
59. Qg5+ Kd6 60. Qf4+ Ke7 61. Qf3 Kd8 62. a5 Qa1 63. b4 Qf1 64. Qd5+ Ke8 65.
Qe6+ Kd8 66. Qd5+ Kc8 67. Qf5+ Kb8 68. Qf8+ Kc7 69. Qc5+ Kd7 70. Qf5+ Kc7 71.
Qe5+ Kc8 72. Qe6+ Kb8 73. Qd6+ Kc8 74. Qe6+ Kb8 75. Qe8+ Kc7 76. Qe7+ Kc8 77.
Qe6+ Kb8 78. Qxh3 Qxf2+ 79. Qg2 Qa7 80. Qg1 Qe7 81. Qf2 Ka8 82. b5 h4 83. Qf3+
Ka7 84. Qf2+ Ka8 85. gxh4 Qe5+ 86. Kh3 Qxb5 87. Qf8+ Kb7 88. Qg7+ Ka6 89. Qf6+
Kb7 90. Qb6+ 1-0

[Event "Guernsey International Holiday 2016"]
[Site "Guernsey, GCI"]
[Date "2016.10.17"]
[Round "2"]
[White "Brooker, Chris H"]
[Black "Newrick, William"]
[Result "1-0"]
[WhiteElo "1700"]
[BlackElo "1225"]
[PlyCount "97"]
[EventDate "2016.10.16"]
[EventType "swiss"]
[EventRounds "6"]

1. f4 d5 2. g3 Nf6 3. Nf3 e6 4. Bg2 Be7 5. O-O O-O 6. d3 c5 7. Qe1 Nc6 8. c3
Qb6 9. Kh1 d4 10. e4 dxe3 11. Qxe3 Ng4 12. Qe2 Bd6 13. Na3 Qd8 14. Nc4 Re8 15.
Nxd6 Qxd6 16. h3 Nf6 17. Ne5 Nd7 18. Nxc6 bxc6 19. Qf3 Bb7 20. Rd1 e5 21. f5
Nf6 22. g4 Rad8 23. Bg5 e4 24. dxe4 Qe5 25. Bxf6 Qxf6 26. Qe3 Qe5 27. Rd2 c4
28. Rad1 Rxd2 29. Rxd2 c5 30. Kg1 h6 31. Rd7 Bxe4 32. Bxe4 Qxe4 33. Qxe4 Rxe4
34. Kf2 Rf4+ 35. Kg3 Rf1 36. Rxa7 Rb1 37. Ra8+ Kh7 38. Rb8 Rg1+ 39. Kh2 Ra1 40.
a3 Ra2 41. Kg3 f6 42. Kf4 Ra1 43. Rb5 Rf1+ 44. Kg3 Rb1 45. a4 Rd1 46. Rxc5 Rd3+
47. Kf4 g5+ 48. fxg6+ Kxg6 49. Rxc4 1-0

[Event "Guernsey International Holiday 2016"]
[Site "Guernsey, GCI"]
[Date "2016.10.17"]
[Round "2"]
[White "Bakkes, Frits"]
[Black "Brown, Jim"]
[Result "1-0"]
[WhiteElo "1641"]
[BlackElo "1195"]
[PlyCount "63"]
[EventDate "2016.10.16"]
[EventType "swiss"]
[EventRounds "6"]

1. e4 c6 2. d4 d6 3. c4 Nd7 4. Nc3 e6 5. f4 f6 6. Nf3 Ne7 7. Bd3 g6 8. O-O Bg7
9. e5 fxe5 10. dxe5 dxe5 11. Ne4 O-O 12. Nfg5 Nf6 13. Qb3 Qb6+ 14. Qxb6 axb6
15. Nd6 h6 16. Nxc8 Raxc8 17. Nxe6 Rf7 18. Nxg7 Kxg7 19. fxe5 Nfg8 20. Rxf7+
Kxf7 21. Be3 Kg7 22. Bxb6 Rf8 23. Bc5 Rd8 24. Bd6 h5 25. Rf1 Ra8 26. a3 Re8 27.
e6 Rd8 28. Rf7+ Kh6 29. c5 Re8 30. h4 g5 31. g3 gxh4 32. Bf4# 1-0

[Event "Guernsey International Holiday 2016"]
[Site "Guernsey, GCI"]
[Date "2016.10.18"]
[Round "3"]
[White "Van Hoek, Wim"]
[Black "Turner, David J"]
[Result "1-0"]
[WhiteElo "1888"]
[BlackElo "1793"]
[PlyCount "111"]
[EventDate "2016.10.16"]
[EventType "swiss"]
[EventRounds "6"]

1. e4 d6 2. d4 Nf6 3. Nc3 g6 4. a3 Bg7 5. f4 O-O 6. Nf3 Bg4 7. h3 Bxf3 8. Qxf3
c6 9. Be2 Nbd7 10. e5 Ne8 11. Bc4 d5 12. Bd3 b5 13. O-O Nc7 14. f5 a5 15. Be3
Nb6 16. f6 exf6 17. exf6 Bh8 18. g4 Re8 19. g5 Re6 20. Ne2 Ne8 21. Nf4 Rd6 22.
Ng2 Nxf6 23. gxf6 Rxf6 24. Qg3 Qe7 25. c3 Re8 26. Bf4 Nd7 27. Rae1 Qf8 28. Rxe8
Qxe8 29. Re1 Re6 30. Rxe6 fxe6 31. Qe3 e5 32. dxe5 Nxe5 33. Be2 Qe7 34. Bg5 Bf6
35. Bxf6 Qxf6 36. Ne1 Qh4 37. Ng2 Qf6 38. Qf4 Kg7 39. Qxf6+ Kxf6 40. Kf2 Kf5
41. Ke3 g5 42. Ne1 Ke6 43. Nf3 Nxf3 44. Kxf3 h5 45. Ke3 g4 46. hxg4 hxg4 47.
Bxg4+ Kd6 48. b4 axb4 49. axb4 c5 50. Kd3 Kc6 51. Bf3 Kd6 52. Bh5 Kc6 53. Be8+
Kb6 54. Ke3 d4+ 55. cxd4 cxb4 56. Kd3 1-0

[Event "Guernsey International Holiday 2016"]
[Site "Guernsey, GCI"]
[Date "2016.10.18"]
[Round "3"]
[White "Goris Schouwstra, Adry"]
[Black "Kirkwood, Robin"]
[Result "1/2-1/2"]
[WhiteElo "1796"]
[BlackElo "1646"]
[PlyCount "61"]
[EventDate "2016.10.16"]
[EventType "swiss"]
[EventRounds "6"]

1. d4 b6 2. Nf3 Bb7 3. e3 e6 4. Be2 f5 5. O-O Nf6 6. c4 Be7 7. Nc3 O-O 8. d5
exd5 9. cxd5 Ba6 10. a3 Bxe2 11. Qxe2 Ne8 12. Rd1 Bf6 13. Qd3 d6 14. Nd4 Bxd4
15. Qxd4 Qf6 16. Qc4 Nd7 17. f4 Qd8 18. b4 a6 19. Bb2 b5 20. Qd3 Nb6 21. Ne2
Nf6 22. Nd4 Qd7 23. Nxf5 Nbxd5 24. Ng3 Rae8 25. Bxf6 Nxf6 26. e4 Qf7 27. Rac1
Re7 28. Rc6 Ng4 29. Rxa6 Qxf4 30. Rf1 Qe3+ 31. Qxe3 1/2-1/2

[Event "Guernsey International Holiday 2016"]
[Site "Guernsey, GCI"]
[Date "2016.10.18"]
[Round "3"]
[White "Plug, Arjan"]
[Black "Gunn, Michael J"]
[Result "1/2-1/2"]
[WhiteElo "1852"]
[BlackElo "1649"]
[PlyCount "52"]
[EventDate "2016.10.16"]
[EventType "swiss"]
[EventRounds "6"]

1. e4 e6 2. d3 c5 3. g3 Nc6 4. Bg2 g6 5. Nc3 Bg7 6. Be3 d6 7. Qd2 h6 8. Nge2
Nge7 9. O-O e5 10. f4 f5 11. fxe5 Nxe5 12. Bf4 Rb8 13. Rae1 Nf7 14. exf5 Bxf5
15. b3 O-O 16. Ne4 Kh7 17. Kh1 Qb6 18. Be3 Nc6 19. Nf4 Qd8 20. Nd5 Nfe5 21. c3
Ng4 22. Bg1 Qd7 23. h3 Bxe4 24. Bxe4 Nf6 25. Kg2 Nxe4 26. dxe4 Ne5 1/2-1/2

[Event "Guernsey International Holiday 2016"]
[Site "Guernsey, GCI"]
[Date "2016.10.18"]
[Round "3"]
[White "Baart, Edwin"]
[Black "Harnden, Terry"]
[Result "1-0"]
[WhiteElo "1847"]
[BlackElo "1368"]
[PlyCount "87"]
[EventDate "2016.10.16"]
[EventType "swiss"]
[EventRounds "6"]

1. d4 Nf6 2. Nf3 h6 3. c4 d5 4. Nc3 b6 5. Bf4 c6 6. cxd5 Nxd5 7. Nxd5 Qxd5 8.
Qc2 e6 9. e4 Qa5+ 10. Bd2 Bb4 11. Be2 Bxd2+ 12. Qxd2 Qxd2+ 13. Kxd2 O-O 14.
Rhd1 Ba6 15. Rac1 Rc8 16. Rc3 Bxe2 17. Kxe2 Na6 18. a3 Rc7 19. Rdc1 Rac8 20. b4
b5 21. Ne5 Nb8 22. d5 exd5 23. exd5 Re7 24. Re3 f6 25. Nxc6 Nxc6 26. Rxc6 Rec7
27. Rec3 Re8+ 28. Kd3 Rd7 29. Kd4 Re5 30. R6c5 a6 31. Re3 Rf5 32. f3 g5 33. Re6
Rf4+ 34. Kd3 Rf5 35. Rxa6 Rdxd5+ 36. Rxd5 Rxd5+ 37. Ke3 Re5+ 38. Kf2 Kg7 39. a4
bxa4 40. Rxa4 Rb5 41. Ke3 Kf7 42. Kd4 Ke6 43. Kc4 Rd5 44. Ra6+ 1-0

[Event "Guernsey International Holiday 2016"]
[Site "Guernsey, GCI"]
[Date "2016.10.18"]
[Round "3"]
[White "Norman, Dinah M"]
[Black "Haisma, Henk"]
[Result "1/2-1/2"]
[WhiteElo "1732"]
[BlackElo "1836"]
[PlyCount "78"]
[EventDate "2016.10.16"]
[EventType "swiss"]
[EventRounds "6"]

1. d4 d5 2. Nf3 Bf5 3. c4 c6 4. Qb3 Qb6 5. Nc3 Qxb3 6. axb3 e6 7. Bf4 a6 8. e3
Bc2 9. Nd2 h6 10. h3 Nd7 11. Be2 Ngf6 12. Rc1 Bh7 13. O-O Bb4 14. Ra1 O-O 15.
Rfc1 Rfc8 16. Nf3 Ne8 17. c5 f6 18. Ne1 e5 19. Bh2 exd4 20. exd4 Nc7 21. Nc2
Bxc3 22. bxc3 Ne6 23. b4 Re8 24. Bf1 Ng5 25. f3 Ne6 26. Kf2 f5 27. Bd6 f4 28.
Ne1 g5 29. Nd3 Bxd3 30. Bxd3 Ng7 31. Re1 Kf7 32. Bc2 Rxe1 33. Rxe1 Re8 34. Bc7
Rxe1 35. Kxe1 Ne8 36. Bd8 Ke6 37. h4 Ndf6 38. hxg5 hxg5 39. Bg6 Ng7 1/2-1/2

[Event "Guernsey International Holiday 2016"]
[Site "Guernsey, GCI"]
[Date "2016.10.18"]
[Round "3"]
[White "Bateman, Kerry"]
[Black "Hoogakker, Peter"]
[Result "1-0"]
[WhiteElo "1742"]
[BlackElo "1789"]
[PlyCount "55"]
[EventDate "2016.10.16"]
[EventType "swiss"]
[EventRounds "6"]

1. e4 d6 2. d4 Nf6 3. Nc3 Nbd7 4. f4 e5 5. Nf3 exd4 6. Qxd4 c6 7. Bd3 d5 8. Qf2
Bc5 9. Qe2 O-O 10. Bd2 dxe4 11. Bxe4 Nxe4 12. Nxe4 Re8 13. O-O-O Qe7 14. Rhe1
Qe6 15. Bc3 f5 16. Nfg5 Qg6 17. Qc4+ Kh8 18. Nxc5 Rxe1 19. Rxe1 h6 20. Qf7 Qxf7
21. Nxf7+ Kg8 22. Nxd7 Bxd7 23. Re7 Be8 24. Nd6 Bh5 25. Rxg7+ Kf8 26. Nxf5 Rd8
27. Bb4+ Ke8 28. Rg8+ 1-0

[Event "Guernsey International Holiday 2016"]
[Site "Guernsey, GCI"]
[Date "2016.10.18"]
[Round "3"]
[White "Ruigrok, Jacques"]
[Black "Collins, Alan"]
[Result "0-1"]
[WhiteElo "1559"]
[BlackElo "1746"]
[PlyCount "50"]
[EventDate "2016.10.16"]
[EventType "swiss"]
[EventRounds "6"]

1. e4 d6 2. d4 Nf6 3. Nc3 c6 4. f4 Qa5 5. Bd2 e5 6. fxe5 dxe5 7. dxe5 Ng4 8. h3
Nxe5 9. Nf3 Nxf3+ 10. Qxf3 Be6 11. Nd5 Qd8 12. Nf4 Qe7 13. Nxe6 Qxe6 14. Bc3
Nd7 15. Bd3 Ne5 16. Bxe5 Qxe5 17. O-O-O f6 18. Bc4 Bd6 19. Kb1 Ke7 20. Qg4 g6
21. Rhf1 b5 22. Bb3 Rad8 23. Rf5 Qg3 24. Rxf6 Kxf6 25. Qe6+ Kg7 0-1

[Event "Guernsey International Holiday 2016"]
[Site "Guernsey, GCI"]
[Date "2016.10.18"]
[Round "3"]
[White "Derrick, Neil"]
[Black "Goman, Colin"]
[Result "1-0"]
[WhiteElo "1829"]
[BlackElo "1734"]
[PlyCount "69"]
[EventDate "2016.10.16"]
[EventType "swiss"]
[EventRounds "6"]

1. d4 d5 2. c4 Nf6 3. Nc3 c6 4. Nf3 Bg4 5. e3 e6 6. Be2 Be7 7. Qb3 Qc7 8. h3
Bh5 9. cxd5 exd5 10. Bd2 Nbd7 11. Rc1 Qb8 12. Qc2 Ne4 13. Nxe4 dxe4 14. Ng1 Bg6
15. Bc4 O-O 16. Ne2 a5 17. a3 b5 18. Ba2 Rc8 19. Qd1 c5 20. O-O c4 21. Bb1 f5
22. Nf4 Bf7 23. f3 g5 24. Ne2 Bh5 25. fxe4 Bxe2 26. Qxe2 Qg3 27. Rf3 Qh4 28.
Rxf5 Bd6 29. e5 Bc7 30. Bc2 Ra6 31. Rcf1 Rg6 32. Be1 Qh6 33. Qg4 Nb6 34. Rf7
Nd5 35. Qxc8+ 1-0

[Event "Guernsey International Holiday 2016"]
[Site "Guernsey, GCI"]
[Date "2016.10.18"]
[Round "3"]
[White "Kirk, Matthew"]
[Black "Van Vliet, Ton"]
[Result "1-0"]
[WhiteElo "1791"]
[BlackElo "1596"]
[PlyCount "83"]
[EventDate "2016.10.16"]
[EventType "swiss"]
[EventRounds "6"]

1. d4 d5 2. c4 c6 3. Nc3 e6 4. Nf3 Nf6 5. Bg5 Nbd7 6. e3 Be7 7. Qc2 a6 8. cxd5
exd5 9. Bd3 h6 10. Bxf6 Bxf6 11. O-O O-O 12. Rac1 Re8 13. Rfe1 Nf8 14. Bf5 Bxf5
15. Qxf5 Qd7 16. Qxd7 Nxd7 17. Rc2 Nb6 18. b3 Rac8 19. Ne2 Be7 20. Ne5 Bd6 21.
Nd3 Re7 22. Nc5 Bxc5 23. Rxc5 Nd7 24. Rc2 Nf6 25. Nc3 Ne4 26. Nxd5 Ree8 27. Nc3
f5 28. Nxe4 fxe4 29. Rec1 Rcd8 30. Kf1 Rf8 31. Rc5 g6 32. R1c4 Rf5 33. Rxf5
gxf5 34. Rc5 Rf8 35. g3 Kg7 36. Ke2 Kg6 37. Re5 Rf7 38. f3 exf3+ 39. Kxf3 Kf6
40. Kf4 Kg6 41. h4 Rf6 42. h5+ 1-0

[Event "Guernsey International Holiday 2016"]
[Site "Guernsey, GCI"]
[Date "2016.10.18"]
[Round "3"]
[White "Thackray, Ian M"]
[Black "Bakkes, Frits"]
[Result "0-1"]
[WhiteElo "1765"]
[BlackElo "1641"]
[PlyCount "70"]
[EventDate "2016.10.16"]
[EventType "swiss"]
[EventRounds "6"]

1. e4 c5 2. Nf3 Nc6 3. d4 cxd4 4. Nxd4 e5 5. Nxc6 bxc6 6. Bd3 Nf6 7. O-O Be7 8.
Nd2 O-O 9. Nf3 Qc7 10. b3 d5 11. Re1 dxe4 12. Bxe4 Bb4 13. Bd2 Rd8 14. Qe2 Bxd2
15. Nxd2 a5 16. Bd3 Re8 17. Ne4 Nxe4 18. Qxe4 f5 19. Bc4+ Kh8 20. Qf3 e4 21.
Qc3 Be6 22. Rad1 h6 23. a4 Rab8 24. Bxe6 Rxe6 25. Rd5 Qf4 26. Rxa5 Rd8 27. Ra7
Rg6 28. g3 Rd2 29. Rf1 h5 30. Ra8+ Kh7 31. Qc4 Qf3 32. Qg8+ Kh6 33. Qh8+ Kg5
34. h4+ Kg4 35. Qh7 Kh3 0-1

[Event "Guernsey International Holiday 2016"]
[Site "Guernsey, GCI"]
[Date "2016.10.18"]
[Round "3"]
[White "Beadle, John R"]
[Black "Finch, Russell"]
[Result "1/2-1/2"]
[WhiteElo "1522"]
[BlackElo "1742"]
[PlyCount "53"]
[EventDate "2016.10.16"]
[EventType "swiss"]
[EventRounds "6"]

1. e4 c5 2. Nf3 d6 3. d4 cxd4 4. Nxd4 Nf6 5. Nc3 e6 6. Bg5 Be7 7. Bd3 Nc6 8.
Nb3 Bd7 9. O-O O-O 10. f4 a6 11. a3 b5 12. Qe2 h6 13. Bh4 Ne8 14. Bxe7 Qxe7 15.
e5 d5 16. Rf3 b4 17. axb4 Nxb4 18. Bxa6 Nc7 19. Bd3 Rxa1+ 20. Nxa1 Ra8 21. Nb3
Ba4 22. Nd4 Qc5 23. Qe3 Nxd3 24. cxd3 Bd7 25. Nc2 Qxe3+ 26. Rxe3 Ba4 27. Re2
1/2-1/2

[Event "Guernsey International Holiday 2016"]
[Site "Guernsey, GCI"]
[Date "2016.10.18"]
[Round "3"]
[White "Bennett, David"]
[Black "Kearsley, Raymond J"]
[Result "0-1"]
[WhiteElo "1405"]
[BlackElo "1736"]
[PlyCount "56"]
[EventDate "2016.10.16"]
[EventType "swiss"]
[EventRounds "6"]

1. Nf3 d5 2. d4 Bf5 3. Bf4 e6 4. a3 c5 5. e3 Nc6 6. Nbd2 Nf6 7. Bb5 Qb6 8.
Bxc6+ bxc6 9. Ra2 c4 10. c3 Be7 11. O-O O-O 12. b3 cxb3 13. Qxb3 Ne4 14. Qxb6
axb6 15. a4 Nxc3 16. Raa1 Nxa4 17. Ne5 Rfc8 18. Rfc1 c5 19. Ndf3 c4 20. Ne1 b5
21. h3 b4 22. Ra2 b3 23. Rxa4 Rxa4 24. N1d3 c3 25. Nb2 Ba3 26. Nxa4 Bxc1 27. g4
Bc2 28. Nf3 b2 0-1

[Event "Guernsey International Holiday 2016"]
[Site "Guernsey, GCI"]
[Date "2016.10.18"]
[Round "3"]
[White "Brooker, Chris H"]
[Black "Jones, Sidney A"]
[Result "1-0"]
[WhiteElo "1700"]
[BlackElo "1472"]
[PlyCount "75"]
[EventDate "2016.10.16"]
[EventType "swiss"]
[EventRounds "6"]

1. f4 d5 2. g3 Nf6 3. Nf3 e6 4. Bg2 c5 5. d3 Be7 6. O-O O-O 7. Qe1 Nbd7 8. e4
dxe4 9. dxe4 Rb8 10. h3 b6 11. e5 Nd5 12. Rf2 Bb7 13. Rd2 c4 14. Kh1 Bc5 15.
Rd1 Qc7 16. a3 b5 17. Nc3 a6 18. Ne4 Be7 19. Bd2 Nc5 20. Ba5 Qc6 21. Nd4 Qc8
22. Nc3 Nxc3 23. Bxc3 Bxg2+ 24. Kxg2 Qb7+ 25. Nf3 Rfd8 26. Ba5 Rd5 27. g4 Bd8
28. Rxd5 exd5 29. Bc3 Bb6 30. Rd1 Rd8 31. Bd4 Ne6 32. Kg3 Nxd4 33. Nxd4 Qa7 34.
Nc6 Qc7 35. Nxd8 Qxd8 36. c3 d4 37. cxd4 g6 38. d5 1-0

[Event "Guernsey International Holiday 2016"]
[Site "Guernsey, GCI"]
[Date "2016.10.18"]
[Round "3"]
[White "Nalichowski, Bogdan"]
[Black "O'Connell, Denis"]
[Result "0-1"]
[WhiteElo "1380"]
[BlackElo "1694"]
[PlyCount "140"]
[EventDate "2016.10.16"]
[EventType "swiss"]
[EventRounds "6"]

1. e4 d5 2. e5 Bf5 3. d4 e6 4. Nf3 c5 5. Bb5+ Nc6 6. c3 Qb6 7. a4 a6 8. Bd3 Bg4
9. Be2 Bxf3 10. Bxf3 cxd4 11. cxd4 Qxd4 12. O-O Qxd1 13. Rxd1 Nxe5 14. Be2 Nf6
15. Bf4 Ng6 16. Bg3 Rc8 17. Nc3 Bb4 18. Rac1 O-O 19. Na2 Be7 20. b4 Ne4 21. b5
Nxg3 22. hxg3 a5 23. Rc3 Rxc3 24. Nxc3 Rc8 25. Nb1 Bb4 26. Bd3 Ne5 27. Be2 g6
28. f4 Nc4 29. Rc1 b6 30. Kh2 Kg7 31. Kh3 h5 32. g4 hxg4+ 33. Bxg4 f5 34. Be2
Kf6 35. Kg3 g5 36. fxg5+ Kxg5 37. Rh1 f4+ 38. Kf2 Bc5+ 39. Ke1 Bb4+ 40. Kf2 Nb2
41. g3 fxg3+ 42. Kxg3 Nxa4 43. Rh5+ Kg6 44. Kg4 Kf6 45. Rh6+ Ke5 46. Rh5+ Kd6
47. Kg5 Rc1 48. Kf6 Rxb1 49. Kf7 Re1 50. Bg4 Rf1+ 51. Ke8 Rg1 52. Rg5 Nc5 53.
Kd8 Rc1 54. Rg7 Rg1 55. Kc8 Ke5 56. Kc7 Na4 57. Rg6 Kf4 58. Rxe6 Rxg4 59. Re8
Rg7+ 60. Kc6 d4 61. Re5 Rg6+ 62. Kd5 Rd6+ 63. Kc4 Kxe5 64. Kd3 Kd5 65. Kc2 Kc4
66. Kb1 Kd3 67. Ka2 Kc3 68. Ka1 Re6 69. Ka2 d3 70. Kb1 Kb3 0-1

[Event "Guernsey International Holiday 2016"]
[Site "Guernsey, GCI"]
[Date "2016.10.18"]
[Round "3"]
[White "Foran, Barry"]
[Black "Kershaw, Graham J"]
[Result "1-0"]
[WhiteElo "1394"]
[BlackElo "1687"]
[PlyCount "49"]
[EventDate "2016.10.16"]
[EventType "swiss"]
[EventRounds "6"]

1. d4 e6 2. Nf3 d5 3. e3 Nf6 4. Bd3 c5 5. b3 Nc6 6. O-O Bd6 7. Bb2 O-O 8. Ne5
Nb4 9. Be2 Qc7 10. c3 Nc6 11. f4 Ne4 12. Nd2 Nxd2 13. Qxd2 Bd7 14. c4 dxc4 15.
Nxd7 Bxf4 16. Nxf8 Bxh2+ 17. Kh1 Rxf8 18. Bxc4 Rd8 19. Qf2 Bg3 20. Qf3 cxd4 21.
exd4 Nxd4 22. Bxd4 Rxd4 23. Bxe6 Rh4+ 24. Bh3 Rf4 25. Qe3 1-0

[Event "Guernsey International Holiday 2016"]
[Site "Guernsey, GCI"]
[Date "2016.10.18"]
[Round "3"]
[White "Glover, John"]
[Black "Rowe, Oliver"]
[Result "1/2-1/2"]
[WhiteElo "1826"]
[BlackElo "1585"]
[PlyCount "50"]
[EventDate "2016.10.16"]
[EventType "swiss"]
[EventRounds "6"]

1. Nf3 d5 2. c4 c6 3. e3 Nf6 4. Nc3 Bf5 5. Be2 e6 6. O-O h6 7. d4 Be7 8. b3 O-O
9. Bb2 Nbd7 10. Bd3 Ne4 11. Rc1 Qa5 12. a4 Bb4 13. Bxe4 Bxe4 14. Nxe4 dxe4 15.
Ne1 Qc7 16. g3 Rad8 17. Ng2 Nc5 18. Qg4 f5 19. Qf4 Qxf4 20. Nxf4 Nxb3 21. Nxe6
Nxc1 22. Rxc1 Kf7 23. Nxf8 Kxf8 24. Kf1 g5 25. Ke2 g4 1/2-1/2

[Event "Guernsey International Holiday 2016"]
[Site "Guernsey, GCI"]
[Date "2016.10.18"]
[Round "3"]
[White "Dennis, Nigel W"]
[Black "Foster, Paul"]
[Result "1-0"]
[WhiteElo "1813"]
[BlackElo "1645"]
[PlyCount "85"]
[EventDate "2016.10.16"]
[EventType "swiss"]
[EventRounds "6"]

1. e4 d5 2. exd5 Nf6 3. d4 Qxd5 4. c4 Qe4+ 5. Ne2 Bf5 6. Nbc3 Qc2 7. Qxc2 Bxc2
8. Bf4 Na6 9. a3 c6 10. Rc1 Bb3 11. Ng3 O-O-O 12. Be3 e6 13. Be2 h5 14. Nf1 e5
15. dxe5 Nd7 16. Nd2 Nac5 17. O-O a5 18. Nxb3 Nxb3 19. Rcd1 Bc5 20. Bxc5 Nbxc5
21. b4 axb4 22. axb4 Ne6 23. f4 g6 24. Ne4 Kc7 25. Nd6 Rhf8 26. g3 Ra8 27. Nxb7
Ra2 28. Bf3 Nb6 29. Na5 Nd8 30. Rd6 Rxa5 31. bxa5 Nxc4 32. Rd4 Nxa5 33. Ra4
Ndb7 34. Rd1 Ra8 35. Rad4 Nc5 36. Rd6 Rf8 37. Rc1 Kb6 38. Rb1+ Kc7 39. Rd2 Nc4
40. Ra2 Nb7 41. Ra7 Rb8 42. Rba1 Nb6 43. Rc1 1-0

[Event "Guernsey International Holiday 2016"]
[Site "Guernsey, GCI"]
[Date "2016.10.18"]
[Round "3"]
[White "Kerr, Matthew"]
[Black "Nielsen, Jorgen Holmstrom"]
[Result "0-1"]
[WhiteElo "1400"]
[BlackElo "1797"]
[PlyCount "68"]
[EventDate "2016.10.16"]
[EventType "swiss"]
[EventRounds "6"]

1. e4 Nf6 2. Nc3 d5 3. exd5 Nxd5 4. Be2 g6 5. Nf3 Nf4 6. O-O Nxe2+ 7. Qxe2 Bg7
8. d3 O-O 9. h3 Nc6 10. Be3 b6 11. Rfe1 Bb7 12. Rab1 Re8 13. Na4 Nb4 14. a3
Bxf3 15. gxf3 Nd5 16. Bd2 Qd7 17. c4 Qxa4 18. cxd5 Qh4 19. Qe4 Qxh3 20. Qg4
Qxg4+ 21. fxg4 Rad8 22. Bc3 Bxc3 23. bxc3 Rxd5 24. Re3 e6 25. Kg2 Red8 26. Rd1
e5 27. Kg3 f6 28. Kf3 Kf7 29. Ke2 c5 30. Re4 b5 31. d4 exd4 32. cxd4 c4 33. Ke3
R8d6 34. Rc1 a5 0-1

[Event "Guernsey International Holiday 2016"]
[Site "Guernsey, GCI"]
[Date "2016.10.18"]
[Round "3"]
[White "Gibzinski, Stanislaw"]
[Black "Stuart, Brian"]
[Result "0-1"]
[WhiteElo "1384"]
[BlackElo "1705"]
[PlyCount "80"]
[EventDate "2016.10.16"]
[EventType "swiss"]
[EventRounds "6"]

1. c4 Nf6 2. g3 g6 3. Bg2 Bg7 4. Nf3 O-O 5. Nc3 c6 6. e3 d5 7. b3 Bf5 8. d3
dxc4 9. bxc4 Bxd3 10. Ne5 Bf5 11. O-O Qa5 12. Nxc6 Nxc6 13. Bd2 Qc7 14. Rc1
Rfd8 15. Nd5 Qd7 16. Bc3 Ne8 17. Bxg7 Kxg7 18. Qb3 Rab8 19. Rfd1 Qc8 20. Qc3+
f6 21. Qa3 Qe6 22. Nf4 Qf7 23. Bd5 e6 24. Bg2 g5 25. Nd3 Qf8 26. Nc5 Qe7 27. e4
Bg4 28. f3 Bh5 29. Qe3 b6 30. Nd3 Rd7 31. c5 Rbd8 32. cxb6 Ne5 33. bxa7 Qa3 34.
Qc5 Qxc5+ 35. Nxc5 Rxd1+ 36. Rxd1 Rxd1+ 37. Kf2 Rd2+ 38. Ke1 Rxa2 39. Nxe6+ Kg8
40. g4 Bf7 0-1

[Event "Guernsey International Holiday 2016"]
[Site "Guernsey, GCI"]
[Date "2016.10.18"]
[Round "3"]
[White "Van Beek, Ronald E"]
[Black "Colsen, Manuel"]
[Result "0-1"]
[WhiteElo "1297"]
[BlackElo "1696"]
[PlyCount "115"]
[EventDate "2016.10.16"]
[EventType "swiss"]
[EventRounds "6"]

1. d4 d5 2. Nf3 Nf6 3. Bf4 Bf5 4. h3 h6 5. e3 e6 6. Bd3 Bxd3 7. Qxd3 Bd6 8.
Bxd6 Qxd6 9. O-O O-O 10. Nbd2 Nbd7 11. c4 c5 12. cxd5 exd5 13. dxc5 Nxc5 14.
Qd4 Ne6 15. Qe5 Qxe5 16. Nxe5 Rac8 17. Rfc1 Nc5 18. b4 Na4 19. Nd3 Nc3 20. Kf1
b6 21. a3 Rc7 22. Rc2 Rfc8 23. Rac1 Nb5 24. Rxc7 Rxc7 25. Rxc7 Nxc7 26. Nf4 Nb5
27. Nb1 d4 28. exd4 Nxd4 29. g4 Nc2 30. Kg2 g5 31. Nd3 Ne4 32. f3 Nd6 33. Nb2
f5 34. Nd3 f4 35. Ne5 Ne3+ 36. Kf2 Ndc4 37. Nxc4 Nxc4 38. Ke2 Kf7 39. Kd3 Ne3
40. Nd2 Nd1 41. Kc4 Nf2 42. Kb5 Nxh3 43. Ka6 Ke6 44. Kxa7 b5 45. Kb6 Nf2 46.
Kxb5 Kd6 47. a4 Kc7 48. a5 Kb7 49. a6+ Ka7 50. Ka5 Nd3 51. b5 Ne5 52. b6+ Kb8
53. a7+ Kb7 54. Nb3 Nc4+ 55. Kb5 Nxb6 56. Nc5+ Kxa7 57. Ne6 Nd5 58. Ng7 0-1

[Event "Guernsey International Holiday 2016"]
[Site "Guernsey, GCI"]
[Date "2016.10.18"]
[Round "3"]
[White "Sandercock, E Barry"]
[Black "Newrick, William"]
[Result "1-0"]
[WhiteElo "1701"]
[BlackElo "1225"]
[PlyCount "51"]
[EventDate "2016.10.16"]
[EventType "swiss"]
[EventRounds "6"]

1. Nf3 Nf6 2. d3 d5 3. Nbd2 Nc6 4. g3 e5 5. e4 Bc5 6. Bg2 O-O 7. O-O Bg4 8. h3
dxe4 9. dxe4 Bxf3 10. Bxf3 Nd4 11. Bg2 Re8 12. c3 Nc6 13. Qe2 Qd7 14. b4 Bb6
15. a4 a6 16. Nc4 Ba7 17. Bg5 Qe6 18. Kh2 b5 19. Ne3 Bxe3 20. Qxe3 h6 21. Bxf6
Qxf6 22. f4 exf4 23. gxf4 Qe7 24. e5 Nxe5 25. fxe5 Qxe5+ 26. Qxe5 1-0

[Event "Guernsey International Holiday 2016"]
[Site "Guernsey, GCI"]
[Date "2016.10.18"]
[Round "3"]
[White "Brown, Jim"]
[Black "Jongerius, Marc"]
[Result "0-1"]
[WhiteElo "1195"]
[BlackElo "1637"]
[PlyCount "42"]
[EventDate "2016.10.16"]
[EventType "swiss"]
[EventRounds "6"]

1. Nf3 c5 2. e3 d5 3. d3 Nc6 4. b3 e5 5. h3 Nf6 6. Bb2 Bd6 7. Nbd2 O-O 8. Be2
Re8 9. O-O e4 10. dxe4 dxe4 11. Nh2 Qc7 12. Ng4 Nxg4 13. Bxg4 Be5 14. c3 Rd8
15. Qe2 Bxg4 16. hxg4 Qd6 17. Nxe4 Bh2+ 18. Kh1 Qh6 19. g5 Qh4 20. Qf3 Bg3+ 21.
Kg1 Qh2# 0-1

[Event "Guernsey International Holiday 2016"]
[Site "Guernsey, GCI"]
[Date "2016.10.19"]
[Round "4"]
[White "Baart, Edwin"]
[Black "Van Hoek, Wim"]
[Result "1/2-1/2"]
[WhiteElo "1847"]
[BlackElo "1888"]
[PlyCount "38"]
[EventDate "2016.10.16"]
[EventType "swiss"]
[EventRounds "6"]

1. d4 d5 2. Nf3 e6 3. c4 f5 4. Nc3 Nf6 5. Bg5 Be7 6. e3 c6 7. g3 O-O 8. cxd5
exd5 9. Bg2 Nbd7 10. O-O Ne4 11. Bxe7 Qxe7 12. Qc2 Rf6 13. Nh4 Nf8 14. Bh3 g6
15. Bg2 b6 16. Nf3 Nd7 17. Ne2 Ba6 18. Rfe1 Bxe2 19. Qxe2 Kg7 1/2-1/2